Catálogo
 En Linea

Histoire de L´expédition des Francais a Saint-Domingue : (Registro nro. 33607)

Detalles MARC
000 -CABECERA
campo de control de longitud fija 00859nam a2200193 a 4500
001 - NÚMERO DE CONTROL
campo de control 000034116
005 - FECHA Y HORA DE LA ÚLTIMA TRANSACCIÓN
campo de control 20200930070804.0
008 - DATOS DE LONGITUD FIJA--INFORMACIÓN GENERAL
campo de control de longitud fija 110926s1985 fr 000 0 spa d
020 ## - NÚMERO INTERNACIONAL ESTÁNDAR DEL LIBRO
Número Internacional Estándar del Libro 2865371123
040 ## - FUENTE DE LA CATALOGACIÓN
Centro catalogador/agencia de origen DO-SdBNP
Lengua de catalogación spa
Centro/agencia transcriptor BNPHU
049 ## - FONDOS LOCALES (OCLC)
Fondos de biblioteca BNPD
100 1# - ENTRADA PRINCIPAL--NOMBRE DE PERSONA
Nombre de persona Métral, Antoine Marie Thérèse,
Fechas asociadas al nombre 1778-1939.
9 (RLIN) 59548
245 10 - MENCIÓN DE TÍTULO
Título Histoire de L´expédition des Francais a Saint-Domingue :
Resto del título sous le consultat de Napoléon Bonaparte /
Mención de responsabilidad, etc. par Antoine Métral; suivie des Mémoires et notes d'Isaac Louverture, sur la méme expédition, et sur la vie de son pére.
260 ## - PUBLICACIÓN, DISTRIBUCIÓN, ETC.
Lugar de publicación, distribución, etc. Paris :
Nombre del editor, distribuidor, etc. Karthala
-- Du Centre Nacional de Lettres,
Fecha de publicación, distribución, etc. 1985.
300 ## - DESCRIPCIÓN FÍSICA
Extensión 348 p. ;
Dimensiones 21 cm.
500 ## - NOTA GENERAL
Nota general Incluye referencias bibliográficas y notas al pie de las páginas
533 ## - NOTA DE REPRODUCCIÓN
Tipo de reproducción Facsimil
Lugar de la reproducción Paris
Fecha de la reproducción 1825
Institución responsable de la reproducción Fanjat A¡né Fanjat
700 1# - PUNTO DE ACCESO ADICIONAL--NOMBRE DE PERSONA
Nombre de persona Toussaint Louverture, Isaac.
9 (RLIN) 59549
Existencias
Estado de retiro Estado de pérdida Restricciones de uso No para préstamo Código de colección Localización permanente Ubicación/localización actual Ubicación en estantería Fecha de adquisición Número de inventario Total de préstamos Signatura topográfica completa Código de barras Fecha visto por última vez Precio válido a partir de Tipo de ítem Koha Número de copia
      Excluido de préstamo Monografías: Libros y Folletos General General En catalogación 26.09.2011 LF1   34116-10 25.06.2020 25.06.2020 No se presta  
      Excluido de préstamo Monografías: Libros y Folletos General General En catalogación 26.09.2011 LF1   34116-20 25.06.2020 25.06.2020 No se presta e. 2
        Monografías: Libros y Folletos General General Orden iniciada 26.09.2011 LF1   34117-10 25.06.2020 25.06.2020 No se presta  
        Monografías: Libros y Folletos Patrimonio Dominicano Patrimonio Dominicano Orden iniciada 26.09.2011 LF1   34118-10 25.06.2020 25.06.2020 No se presta  

Con tecnología Koha